000 00612nam a22002297a 4500
003 UA-OsUOA
001 89024
007 ta
008 20121023b un ||||| |||| 00| 0 ukr d
100 _aГамарник Я.
090 _a821.161.2
_bГ18
942 _cBK
040 _aUA-OsUOA
_bukr
_cUA-OsUOA
_dUA-OsUOA
245 _aСпогади друзів і соратників
300 _a190 с.
955 _a3
041 _aukr
080 _a821.161.2
260 _aК.
_bПолітвидав
_c1982
650 7 _a82 Література. Літературознавство
_2UDC
999 _c375303
_d375303